ნორმალური ფორმატი
MARC ფორმატი
ჩანაწერი Topical Term
ჩანაწერთა რაოდენობა, რომელიც გამოყენებულია: 2
001 - CONTROL NUMBER
- control field: 7127
003 - CONTROL NUMBER IDENTIFIER
- control field: GE_BSU
005 - DATE AND TIME OF LATEST TRANSACTION
- control field: 20200217173521.0
008 - FIXED-LENGTH DATA ELEMENTS
- fixed length control field: 200217|| aca||aabn | a|a d
040 ## - CATALOGING SOURCE
- Original cataloging agency: GE_BSU
- Transcribing agency: GE_BSU
150 ## - HEADING--TOPICAL TERM
- Topical term or geographic name entry element: Cells
- General subdivision: ultrastructure
- Form subdivision: Atlases.
670 ## - SOURCE DATA FOUND
- Source citation: Work cat.: (GE_BSU)50518: Kühnel, Wolfgang, 1934- 7123, Color atlas of cytology, histology, and microscopic anatomy /, c2003.
